Normal view
MARC view
- PAST COMMUNISM.WORLD POLITICAN - 20TH CENTUREY.INTERNATIONAL RELATIONS
Entry Topical Term
001 - CONTROL NUMBER
- control field: 62887
003 - CONTROL NUMBER IDENTIFIER
- control field: NUST
005 - DATE AND TIME OF LATEST TRANSACTION
- control field: 20210628203021.0
008 - FIXED-LENGTH DATA ELEMENTS
- fixed length control field: 210628|| aca||aabn | a|a d
040 ## - CATALOGING SOURCE
- Original cataloging agency: NUST
- Transcribing agency: NUST
150 ## - HEADING--TOPICAL TERM
- Topical term or geographic name entry element: PAST COMMUNISM.WORLD POLITICAN - 20TH CENTUREY.INTERNATIONAL RELATIONS
670 ## - SOURCE DATA FOUND
- Source citation: Work cat.: (NUST): Priestland, David 62886, The red flag ,communism and the making of the modern world, 2009
